000 00421nam a2200169Ia 4500
003 GCL
008 140319s9999 xx 000 0 eng d
040 _aGCL /
_cGCL
082 0 4 _a954
_bM H
100 1 _aMARKOVITS, CLOUDE
245 1 0 _aHISTOIRE DE L'INDE MODERN 1480-1950 /
_cMARKOVITS, CLOUDE
260 _a[S.N] :
_bFAYARD ،
_c1994
300 _a727 P
650 0 4 _aHISTORY
650 0 4 _aINDIAN
942 _2ddc
_cBK
999 _c23596
_d23596